000 00834nam a2200265 i 4500
003 DO-SdBNP
005 20250411100906.0
007 ta
008 250411b2024 dr ||||| |||| 00| 0 spa d
020 _a9789945654776
040 _aDO-DO-SdBNP
_bspa
_cBNPHU
_erda
041 _aspa
082 4 _a0
_bM528f
_222
100 1 _aMelo, Izzet,
_d1991-
_eautor
_4aut.
_987428
245 1 0 _aFragmentada en el nombre del Padre... /
_cIzzet Melo.
250 _aPrimera edición
264 _aSanto Dominicano :
_bEditorial Santuario,
_c2024.
300 _a231 páginas ;
_c23 cm.
336 _atexto
_btxt
_2rdacontent
337 _asin mediación
_bn
_2rdamedia
338 _avolumen
_bnc
_2rdacarrier
500 _aIncluye datos biográficos del autor en la solapa de cubierta
590 _aInventariado, 2025 /LP
942 _2ddc
_cLBS1
999 _c58200
_d58200